000 00741nam a2200289Ia 4500
005 20260324120648.0
008 008 260324s9999 xx 000 0 eng d
020 _a9780203709306
037 _aEBOOK
040 _aCRL
040 _beng
040 _cCRL
041 _2eng
041 _aeng
084 _qCRL
100 _aKrista Cowman; Nina Javette Koefoed; Åsa Karlsson Sjögren
_91159461
245 0 _aGender in Urban Europe
245 0 _bSites of Political Activity and Citizenship, 1750-1900
260 _bTaylor and Francis
260 _c2014
365 _a
365 _b240
856 _uhttp://www.taylorfrancis.com/books/9780203709306
942 _cEBOOK
999 _c1751113
_d1751113